| 000 | 00790nam a2200253 a 4500 | ||
|---|---|---|---|
| 008 | |||
| 020 | _a1853392960 (pbk.) | ||
| 040 |
_aMAIN _cNUST |
||
| 090 | 0 | 0 | _aHG1975 |
| 100 | _aTussie, Diana. | ||
| 245 | 0 | 0 |
_aMultilateral development banks _bvolume 4, the inter-american development bank/ _cDiana Tussie. |
| 260 |
_aBoulder, Colorado : _bLyne reiner Pub, _cc1995. |
||
| 300 |
_axviii,165 p. ; _c24 cm. |
||
| 504 | _aIncludes bibliographical references. | ||
| 500 | _aIncludes index. | ||
| 650 | 0 | _aDevelopment banks. | |
| 610 | 2 | 0 | _aAsian Development Bank. |
| 610 | 2 | 0 | _aCaribbean Development Bank. |
| 907 |
_a.b10129121 _b29-06-04 _c28-06-04 |
||
| 003 | |||
| 005 | 20230123133747.0 | ||
| 049 | _aMAIN | ||
| 942 |
_cBOOKS _kHG1975 |
||
| 999 |
_c154176 _d154176 |
||